MARC details
| 000 -LEADER |
| fixed length control field |
01590nam a2200301 i 4500 |
| 003 - CONTROL NUMBER IDENTIFIER |
| control field |
CSPC |
| 005 - DATE AND TIME OF LATEST TRANSACTION |
| control field |
20241002134553.0 |
| 008 - FIXED-LENGTH DATA ELEMENTS--GENERAL INFORMATION |
| fixed length control field |
241002s2021 -uka 001 0 eng d |
| 020 ## - INTERNATIONAL STANDARD BOOK NUMBER |
| International Standard Book Number |
9781800202382 |
| 040 ## - CATALOGING SOURCE |
| Original cataloging agency |
CSPC |
| Language of cataloging |
eng |
| Transcribing agency |
CSPC |
| Description conventions |
rda |
| 050 #4 - LIBRARY OF CONGRESS CALL NUMBER |
| Classification number |
QA76.9.A25 |
| 082 #4 - DEWEY DECIMAL CLASSIFICATION NUMBER |
| Edition number |
23 |
| Classification number |
629.89558 |
| Item number |
Sm511p |
| 100 1# - MAIN ENTRY--PERSONAL NAME |
| Personal name |
Smith, Paul, |
| Relator term |
author. |
| 245 10 - TITLE STATEMENT |
| Title |
Pentesting industrial control systems : |
| Remainder of title |
an ethical hacker's guide to analyzing, compromising, mitigating, and securing industrial processes / |
| Statement of responsibility, etc. |
Paul Smith. |
| 264 #1 - PRODUCTION, PUBLICATION, DISTRIBUTION, MANUFACTURE, AND COPYRIGHT NOTICE |
| Place of production, publication, distribution, manufacture |
Birmingham, UK : |
| Name of producer, publisher, distributor, manufacturer |
Packt Publishing Ltd., |
| Date of production, publication, distribution, manufacture, or copyright notice |
2021. |
| 300 ## - PHYSICAL DESCRIPTION |
| Extent |
xv, 432 pages : |
| Other physical details |
illustrations ; |
| Dimensions |
24 cm. |
| 336 ## - CONTENT TYPE |
| Source |
rdacontent |
| Content type term |
text |
| 337 ## - MEDIA TYPE |
| Source |
rdamedia |
| Media type term |
unmediated |
| 338 ## - CARRIER TYPE |
| Source |
rdacarrier |
| Carrier type term |
volume |
| 500 ## - GENERAL NOTE |
| General note |
Includes index. |
| 505 0# - FORMATTED CONTENTS NOTE |
| Formatted contents note |
Section 1 - Getting started -- Using virtualization -- Route the hardware -- I love my bits - lab setup -- Section 2 - Understanding the cracks -- Open source ninja -- Span me if you can -- Packet deep dive -- Section 3 - I'm a pirate, hear me roar -- Scanning 101 -- Protocols 202 -- Ninja 308 -- I can do it 420 -- Whoot... I have to go deep -- Section 4 - Capturing flags and turning off lights -- I see the future -- Pwned but with remorse. |
| 650 #0 - SUBJECT ADDED ENTRY--TOPICAL TERM |
| Topical term or geographic name entry element |
Penetration testing (Computer security). |
| 650 #0 - SUBJECT ADDED ENTRY--TOPICAL TERM |
| Topical term or geographic name entry element |
Industries |
| General subdivision |
Security measures. |
| 650 #0 - SUBJECT ADDED ENTRY--TOPICAL TERM |
| Topical term or geographic name entry element |
Computer networks |
| General subdivision |
Security measures. |
| 650 #0 - SUBJECT ADDED ENTRY--TOPICAL TERM |
| Topical term or geographic name entry element |
Automation |
| General subdivision |
Security measures. |
| 942 ## - ADDED ENTRY ELEMENTS (KOHA) |
| Source of classification or shelving scheme |
Dewey Decimal Classification |
| Suppress in OPAC |
No |
| Koha item type |
Books |
| Edition |
23 |
| Classification part |
629.89558 |
| Item part |
Sm511p |
| Call number prefix |
GRD |
| Call number suffix |
2021 |